000 00445nam a2200169 a 4500
001 50775
005 20180714035946.0
008 140415s1978 xxu 000 0 eng d
020 _a039524966X
041 _aeng
082 _a808.899282
_bFOC
245 0 0 _aFOCUS AN LITERATURE ACTION
250 _a1a ed.
260 _aESTADOS UNIDOS DE AMERICA :
_bHOUGHTON MIFFLIN,
_c1978
300 _a529
650 1 4 _aLITERATURA JUVENIL
999 _c50775
_d50775